| 000 | 00419nam a2200157Ia 4500 | ||
|---|---|---|---|
| 008 | 230711s9999||||xx |||||||||||||| ||und|| | ||
| 041 | _aENG | ||
| 082 |
_a621.3 _bTO-D |
||
| 100 | _aTocci,Ronald J | ||
| 245 | 0 | _aDigital systems principles and applications | |
| 250 | _a1st Ed. | ||
| 260 |
_c1992 _aNew Delhi _bPrentice-Hall of India Private Limited |
||
| 300 | _a765 | ||
| 650 | _aElectrical Engineering | ||
| 942 | _cBK | ||
| 999 |
_c2021 _d2021 |
||